LEADER 01095nam0-2200349---450- 001 990008305750403321 005 20090715145014.0 020 $aIT$b1957 12393 035 $a000830575 035 $aFED01000830575 035 $a(Aleph)000830575FED01 035 $a000830575 100 $a20060331d1957----km-y0itay50------ba 101 0 $aita 102 $aIT 105 $ay---n---001yy 200 1 $aPrincipi costituzionali e libera manifestazione del pensiero$fSergio Fois 210 $aMilano$cGiuffre$d1957 215 $a257 p.$d25 cm 225 1 $aPubblicazioni dell'Istituto di diritto pubblico e di dottrina dello Stato dell'Università di Roma$iSer. 4$v0002 676 $a342.0853$v20$zita 700 1$aFois,$bSergio$0245806 801 0$aIT$bUNINA$gRICA$2UNIMARC 901 $aBK 912 $a990008305750403321 952 $aVI L 72$b87$fDDA 952 $aUniversità 80 (2)$b58520$fFGBC 952 $aUniversità 80 (2 bis)$b52650$fFGBC 959 $aDDA 959 $aFGBC 996 $aPrincipi costituzionali e libera manifestazione del pensiero$9236954 997 $aUNINA LEADER 02492nam 2200649Ia 450 001 9910453568703321 005 20211005042526.0 010 $a1-61797-371-8 010 $a1-936190-40-0 010 $a1-936190-66-4 035 $a(CKB)2550000001246434 035 $a(EBL)1649029 035 $a(SSID)ssj0000482638 035 $a(PQKBManifestationID)11344279 035 $a(PQKBTitleCode)TC0000482638 035 $a(PQKBWorkID)10526803 035 $a(PQKB)10387477 035 $a(MiAaPQ)EBC3114744 035 $a(MiAaPQ)EBC6242621 035 $a(MiAaPQ)EBC1649029 035 $a(Au-PeEL)EBL3114744 035 $a(CaPaEBR)ebr10409555 035 $a(CaONFJC)MIL580555 035 $a(OCoLC)922965404 035 $a(MiAaPQ)EBC1635633 035 $a(Au-PeEL)EBL1635633 035 $a(OCoLC)932343965 035 $a(EXLCZ)992550000001246434 100 $a20090912d2010 uy 0 101 0 $aeng 135 $aur|n|---||||| 181 $ctxt 182 $cc 183 $acr 200 14$aThe Akhenaten Colossi of Karnak$b[electronic resource] /$fLise Manniche 210 $aCairo ;$aNew York $cAmerican University in Cairo Press$d2010 215 $a1 online resource (193 p.) 300 $aDescription based upon print version of record. 311 $a977-416-349-4 311 $a1-306-49304-8 320 $aIncludes bibliographical references (p. 165-173) and indexes. 330 $aSome of the most fascinating sculptures to have survived from ancient Egypt are the colossal statues of Akhenaten, erected at the beginning of his reign in his new temple to the Aten at Karnak. Fragments of more than thirty statues are now known, showing the paradoxical features combining male and female, young and aged, characteristic of representations of this king. Did he look like this in real life? Or was his iconography skilfully devised to mirror his concept of his role in the universe? The author presents the history of the discovery of the statue fragments from 1925 to the present da 606 $aMonuments$zEgypt$zKarnak 606 $aStatues$zEgypt$zKarnak 607 $aKarnak (Egypt)$xAntiquities 608 $aElectronic books. 615 0$aMonuments 615 0$aStatues 676 $a932.014092 700 $aManniche$b Lise$0473134 801 0$bMiAaPQ 801 1$bMiAaPQ 801 2$bMiAaPQ 906 $aBOOK 912 $a9910453568703321 996 $aThe Akhenaten Colossi of Karnak$92449656 997 $aUNINA